Die geistigen Grundlagen des hochasiatischen Tierstiles

Elmentve itt :
Bibliográfiai részletek
Szerző: Alföldi András
Dokumentumtípus: Cikk
Megjelent: 1931
Sorozat:Forschungen und Fortschritte 7 No. 20
Kulcsszavak:Régészet - leletek - Ázsia
Tárgyszavak:
Online Access:http://misc.bibl.u-szeged.hu/55726
LEADER 00723nab a2200205 i 4500
001 misc55726
005 20221005085446.0
008 200506s1931 hu o 0|| ger d
040 |a SZTE Miscellanea Repozitórium  |b hun 
041 |a ger 
100 1 |a Alföldi András 
245 1 4 |a Die geistigen Grundlagen des hochasiatischen Tierstiles  |h [elektronikus dokumentum] /  |c  Alföldi András 
260 |c 1931 
300 |a 278-279 
490 0 |a Forschungen und Fortschritte  |v 7 No. 20 
561 |a Németh Gyula hagyaték 
650 4 |a Bölcsészettudományok 
650 4 |a Történettudomány és régészet 
695 |a Régészet - leletek - Ázsia 
856 4 0 |u http://misc.bibl.u-szeged.hu/55726/1/088_noa_a37.pdf  |z Dokumentum-elérés